All Six Flags Parks - Statistics

General Stats
  • This quiz has been taken 171 times
  • The average score is 12 of 22
Answer Stats
Acquired Answer % Correct
1961 Over Texas
89%
1984 Great America
85%
1979 Magic Mountain
84%
1977 Great Adventure
82%
1967 Over Georgia
76%
1998 Fiesta Texas
71%
1997 New England
70%
1971 St. Louis
61%
1999 America
60%
1997 Discovery Kingdom
57%
1996 Great Escape
47%
2001 La Ronde
47%
1999 Mexico
47%
1999/2018 Darien Lake
46%
2003 New Orleans
42%
1974 AstroWorld
41%
1998/2018 Frontier City
39%
2000 Worlds of Adventure
36%
1998 Kentucky Kingdom
31%
1998 Holland
18%
1998 Belgium
16%
1999 Elitch Gardens
15%
No matching quizzes found
Score Distribution
Percent of People with Each Score
Percentile by Number Answered
Your Score History
You have not taken this quiz